| 000 | 01530nam a2200361Ia 4500 | ||
|---|---|---|---|
| 001 | ebr10608103 | ||
| 003 | CaPaEBR | ||
| 006 | m u | ||
| 007 | cr cn||||||||| | ||
| 008 | 120719s2012 maua sb 001 0 eng d | ||
| 010 | _z 2012023676 | ||
| 020 | _z9789004229556 (hardback : alk. paper) | ||
| 020 | _z9789004234338 | ||
| 040 |
_aCaPaEBR _cCaPaEBR |
||
| 035 | _a(OCoLC)813222816 | ||
| 050 | 1 | 4 |
_aPA4229.L6 _bT68 2012eb |
| 082 | 0 | 4 |
_a808 _223 |
| 245 | 0 | 0 |
_aTranslations of the sublime _h[electronic resource] : _bthe early modern reception and dissemination of Longinus' Peri hupsous in rhetoric, the visual arts, architecture and the theatre / _cedited by Caroline van Eck ...[et. al.]. |
| 260 |
_aBoston : _bBrill, _c2012. |
||
| 300 |
_axix, 272 p. : _bill. |
||
| 490 | 0 |
_aIntersections ; _v24 |
|
| 504 | _aIncludes bibliographical references and index. | ||
| 533 |
_aElectronic reproduction. _bPalo Alto, Calif. : _cebrary, _d2011. _nAvailable via World Wide Web. _nAccess may be limited to ebrary affiliated libraries. |
||
| 546 | _aContributions in English, French, and German. | ||
| 600 | 0 | 0 |
_aLonginus, _d1st cent. _tOn the sublime. |
| 600 | 0 | 0 |
_aLonginus, _d1st cent. _xAppreciation. |
| 650 | 0 | _aSublime, The, in art. | |
| 650 | 0 |
_aArts, Modern _xThemes, motives. |
|
| 655 | 7 |
_aElectronic books. _2local |
|
| 700 | 1 | _aEck, Caroline van. | |
| 710 | 2 | _aebrary, Inc. | |
| 856 | 4 | 0 |
_uhttp://site.ebrary.com/lib/rucke/Doc?id=10608103 _zAn electronic book accessible through the World Wide Web; click to view |
| 999 |
_c97392 _d97392 |
||